| 000 | 01121cam a22003135a 4500 | ||
|---|---|---|---|
| 001 | 18409964 | ||
| 005 | 20150714120405.0 | ||
| 008 | 141218t2015 enka frb 001 0 eng d | ||
| 020 | _a9781138001558 (hardback : alk. paper) | ||
| 020 | _z9781315778778 (ebook) | ||
| 040 |
_aDLC _beng _cDLC _dEG-ScBUE |
||
| 082 | 0 | 4 |
_a615.902 _bENV _222 |
| 130 | 0 | _aEnvironmental toxicology (CRC Press) | |
| 245 | 1 | 0 |
_aEnvironmental toxicology / _ceditors Katalin Gruiz, Tamas Meggyes, Eva Fenyvesi. |
| 260 |
_aLondon : _bCRC Press / Taylor and Francis Group, _cc.2015. |
||
| 300 |
_axxx, 563 p. : _bill. (some col.) ; _c26 cm. |
||
| 490 | 0 |
_aEngineering tools for environmental risk management ; _v2 |
|
| 500 | _aIndex : p. 545-563. | ||
| 504 | _aIncludes bibliographical references. | ||
| 650 | 0 |
_aEnvironmental toxicology. _2BUEsh |
|
| 650 | 0 |
_aPollutants _xToxicity testing. _2BUEsh |
|
| 651 | _2BUEsh | ||
| 653 |
_bENGGEN _cJuly2015 |
||
| 655 |
_vreading book _934232 |
||
| 700 | 1 |
_aGruiz, Katalin, _eeditor. |
|
| 700 | 1 |
_aMeggyes, T. _q(Tamas), _eeditor. |
|
| 700 | 1 |
_aFenyvesi, Eva, _eeditor. |
|
| 942 |
_2ddc _k615.902 ENV |
||
| 999 |
_c20261 _d20233 |
||